Квантовая механика: учебное пособие

Detalhes bibliográficos
Autor principal: Байков Ю. А. Юрий Алексеевич
Outros Autores: Кузнецов В. М. Вадим Михайлович
Resumo:Учебное пособие предназначено для подготовки специалистов в области наукоемких технологий, связанных с квантовой физикой микромира, в частности, для подготовки студентов по направлению «Наноматериалы и нанотехнологии». В книге подробно изложены основные виды формализма квантовой механики, включая операторную алгебру, матричную механику и скобочный аппарат Дирака. Значительное внимание уделено приближенным квантово-механическим методам, широко применяемым в квантовой химии. В соответствии с требованиями новых образовательных стандартов в книгу включены элементы развивающегося направления квантовой механики, а именно квантовой теории кубитов, которое связано с проектированием и созданием в будущем квантовых компьютеров. Достаточное место отведено технике конкретных квантово-механических вычислений. Учебное пособие сочетает строгое изложение фундаментальных основ теории с рассмотрением современных задач, требующих квантово-механического подхода. Для студентов и аспирантов высших технических учебных заведений, а также преподавателей физики и других естественнонаучных дисциплин в технических вузах.
Idioma:russo
Publicado em: Москва, БИНОМ. Лаборатория знаний, 2017
Assuntos:
Formato: Livro
KOHA link:https://koha.lib.tpu.ru/cgi-bin/koha/opac-detail.pl?biblionumber=334543

MARC

LEADER 00000nam0a2200000 4500
001 334543
005 20231102004651.0
010 |a 9785996311590 
035 |a (RuTPU)RU\TPU\book\360794 
035 |a RU\TPU\book\253569 
090 |a 334543 
100 |a 20170830d2017 m y0rusy50 ca 
101 0 |a rus 
102 |a RU 
105 |a y j 001zy 
200 1 |a Квантовая механика  |e учебное пособие  |f Ю. А. Байков, В. М. Кузнецов 
210 |a Москва  |c БИНОМ. Лаборатория знаний  |d 2017 
215 |a 291 с. 
320 |a Библиогр.: с. 288-291 
330 |a Учебное пособие предназначено для подготовки специалистов в области наукоемких технологий, связанных с квантовой физикой микромира, в частности, для подготовки студентов по направлению «Наноматериалы и нанотехнологии». В книге подробно изложены основные виды формализма квантовой механики, включая операторную алгебру, матричную механику и скобочный аппарат Дирака. Значительное внимание уделено приближенным квантово-механическим методам, широко применяемым в квантовой химии. В соответствии с требованиями новых образовательных стандартов в книгу включены элементы развивающегося направления квантовой механики, а именно квантовой теории кубитов, которое связано с проектированием и созданием в будущем квантовых компьютеров. Достаточное место отведено технике конкретных квантово-механических вычислений. Учебное пособие сочетает строгое изложение фундаментальных основ теории с рассмотрением современных задач, требующих квантово-механического подхода. Для студентов и аспирантов высших технических учебных заведений, а также преподавателей физики и других естественнонаучных дисциплин в технических вузах. 
606 1 |a Квантовая механика  |2 stltpush  |3 (RuTPU)RU\TPU\subj\14211  |9 40667 
610 1 |a физика 
610 1 |a квантово-механические постулаты 
610 1 |a операторы 
610 1 |a матрицы 
610 1 |a формализм Дирака 
610 1 |a вариационный принцип 
610 1 |a теория возмущений 
610 1 |a момент импульса 
610 1 |a квантовые системы 
610 1 |a спин 
610 1 |a волновые функции 
610 1 |a квантово-механические спиноры 
610 1 |a атомы 
610 1 |a тяжелые элементы 
610 1 |a атом водорода 
610 1 |a бра-кет 
610 1 |a учебные пособия 
675 |a 530.145.6(075.8)  |v 3 
700 1 |a Байков  |b Ю. А.  |g Юрий Алексеевич 
701 1 |a Кузнецов  |b В. М.  |g Вадим Михайлович 
801 1 |a RU  |b 63413507  |c 20130214 
801 2 |a RU  |b 63413507  |c 20170908  |g RCR 
900 |a Квантовая механика 
942 |c BK 
951 |l 8